Top 20 Developed Countries - Statistics

General Stats
  • This quiz has been taken 156 times
  • The average score is 50 of 60
Answer Stats
Hint Answer % Correct
83.7 Japan
97%
82.4 Sweden
96%
0.855 Sweden
96%
53,873\ Sweden
96%
0.900 United States
96%
62,606 United States
96%
0.914 Germany
95%
48,264 Germany
95%
81.8 Norway
95%
0.916 Norway
95%
81,695 Norway
95%
82.2 Canada
93%
0.890 Canada
93%
46,261 Canada
93%
82.4 France
93%
42,878 France
93%
82.8 Spain
93%
81.2 United Kingdom
93%
0.896 United Kingdom
93%
42,558 United Kingdom
93%
49,845 Finland
92%
82.7 Italy
91%
82.8 Australia
89%
0.939 Australia
89%
56,352 Australia
89%
0.923 Denmark
89%
60,692 Denmark
89%
82.3 South Korea
89%
0.867 South Korea
89%
83.4 Switzerland
86%
0.891 Switzerland
86%
82,950 Switzerland
86%
46,724 Belgium
85%
81.9 Netherlands
85%
0.897 Netherlands
85%
53,106 Netherlands
85%
81.5 Austria
82%
51,509 Austria
82%
81.4 Ireland
82%
0.910 Ireland
82%
76,099 Ireland
82%
81.6 New Zealand
78%
0.917 New Zealand
78%
82.7 Iceland
76%
0.906 Iceland
76%
74,278 Iceland
76%
0.852 Poland
76%
82.0 Luxembourg
73%
114,234 Luxembourg
73%
83.1 Singapore
72%
64,041 Singapore
72%
0.878 Czech Republic
63%
0.877 Estonia
62%
82.5 Israel
57%
0.870 Israel
57%
0.886 Slovenia
57%
70,780 Qatar
56%
0.882 Lithuania
54%
48,946 San Marino
46%
81.7 Malta
44%
No matching quizzes found
Score Distribution
Percent of People with Each Score
Percentile by Number Answered
Your Score History
You have not taken this quiz